| 000 | 00482nam a2200169 4500 | ||
|---|---|---|---|
| 001 | 126903 | ||
| 003 | ES-MaACL | ||
| 005 | 20230906192912.0 | ||
| 007 | t| | ||
| 008 | 070214s1931 sp r ||||1| spa d | ||
| 100 | 1 |
_aRibeiro, Manuel. _996755 |
|
| 245 | 1 | 3 |
_aEl desierto _b: novela / _cManuel Ribeiro ; traducida por José Olarra. |
| 260 |
_aMadrid : _bEspasa-Calpe, _c1931. |
||
| 300 |
_a246 p. ; _c19 x 13 cm. |
||
| 700 | 1 |
_aOlarra, José. _986662 |
|
| 852 |
_aES-MaACL _jB-12356 |
||
| 999 |
_c126903 _d126903 |
||